000 01086cam a2200253 4500
001 ABS68171
008 040831n2004 000 0 eng u
035 _a(Sirsi) u127221
100 _aHorne, S.
245 _aIs your business ready for the single farm payment?
260 _c2004
490 _aFarmers' Weekly
_v141(8) 20 August 2004, 12-14(3)
520 _aAdvises farmers on organising their business properly in preparation for the single farm payment rules prior to the May 2005 Integrated Adminstration and Control System (IACS) form. Although little cropping change is expected in 2005, more change is expected once full details of new environmental schemes are available and farmers are advised to focus on securing entitlements.
590 _aABS
590 _aABS
650 _aINTEGRATED ADMINISTRATION AND CONTROL SYSTEM
650 _aSINGLE FARM PAYMENTS
650 _aAGRI-ENVIRONMENTAL SCHEMES
650 _aFARM BUSINESS TENANCIES
650 _aSHORT-TERM LETS
650 _aEC DIRECTIVES
690 _aRURAL-FARM BUSINESS MANAGEMENT
942 _n0
999 _c117925
_d117925